| 000 | 01296nam a22002777a 4500 | ||
|---|---|---|---|
| 005 | 20110201162643.0 | ||
| 008 | 110127t xxu||||| |||| 00| 0 hin d | ||
| 010 | _aHIN-92002 | ||
| 020 |
_c200.00 _a81887962627 |
||
| 035 | _aHN-64348 | ||
| 037 | _bDBAD / PUB | ||
| 040 |
_aDPL _bHN |
||
| 082 | _a824.08 | ||
| 100 |
_925632 _aकोटडिंया, गुलाबचन्द |
||
| 245 |
_aसामाजिक यथार्थ: _cगुलाबचन्द कोटडिंया _bनिबंध संग्रह / |
||
| 246 |
_aSamajeek Yatharth _bby Guiabchand kotadia |
||
| 260 |
_aकैथल _bसुकीर्ति प्रकाशन _c2011 |
||
| 270 |
_aडी.सी. निवास के सामने, करनाल रोडं _bकैथल (हरियाणा) _e136027 _k01746-235862 ,09215897365 |
||
| 300 |
_a176पृ. _c22सेमी (सजिल्द) |
||
| 650 |
_9657 _aहिन्दी निबंध |
||
| 650 |
_925656 _aHindi Essay |
||
| 700 | _925634 | ||
| 700 | _925670 | ||
| 942 |
_2ddc _cHN _h824.08 _mकोटडिं |
||
| 999 |
_c51094 _d51094 |
||